<?xml version="1.0" encoding="UTF-8"?>
<record
    xmlns:xsi="http://www.w3.org/2001/XMLSchema-instance"
    xsi:schemaLocation="http://www.loc.gov/MARC21/slim http://www.loc.gov/standards/marcxml/schema/MARC21slim.xsd"
    xmlns="http://www.loc.gov/MARC21/slim">

  <leader>04584nam a22005417u 4500</leader>
  <controlfield tag="001">pwiiw5021</controlfield>
  <controlfield tag="003">OSt</controlfield>
  <controlfield tag="005">20260516120049.0</controlfield>
  <controlfield tag="008">190915t2019    au ||||| |||||||| ||ger d</controlfield>
  <datafield tag="040" ind1=" " ind2=" ">
    <subfield code="c">OSt</subfield>
  </datafield>
  <datafield tag="041" ind1=" " ind2=" ">
    <subfield code="a">ger</subfield>
  </datafield>
  <datafield tag="084" ind1=" " ind2=" ">
    <subfield code="a">J11</subfield>
    <subfield code="a">J31</subfield>
    <subfield code="a">J4</subfield>
    <subfield code="a">J50</subfield>
    <subfield code="2">jelc</subfield>
  </datafield>
  <datafield tag="100" ind1="1" ind2=" ">
    <subfield code="a">Astrov, Vasily</subfield>
  </datafield>
  <datafield tag="245" ind1="1" ind2="0">
    <subfield code="a">Die Lohnentwicklung in den Westbalkanl&#xE4;ndern, Moldau und der Ukraine</subfield>
  </datafield>
  <datafield tag="260" ind1=" " ind2=" ">
    <subfield code="a">Wien :</subfield>
    <subfield code="b">Wiener Institut f&#xFC;r Internationale Wirtschaftsvergleiche (wiiw),</subfield>
    <subfield code="c">2019.</subfield>
  </datafield>
  <datafield tag="300" ind1=" " ind2=" ">
    <subfield code="a">60 S., </subfield>
    <subfield code="b">17 Tables, 24 Figures and 4 Boxes,</subfield>
    <subfield code="c">30cm.</subfield>
  </datafield>
  <datafield tag="490" ind1="1" ind2=" ">
    <subfield code="a">wiiw Research Reports in German Language</subfield>
    <subfield code="v">15</subfield>
  </datafield>
  <datafield tag="520" ind1=" " ind2=" ">
    <subfield code="a">This publication is available in German language only.

For a brief English summary see further below.

Erst in den letzten Jahren kam es im Zuge der allgemeinen Erholung der Wirtschaft zu einem deutlichen Anstieg der Reall&#xF6;hne in den Westbalkanl&#xE4;ndern, Moldau und der Ukraine. Trotzdem sind die Lohnquoten kaum gestiegen bzw. zum Teil sogar leicht gesunken. Nur im Kosovo ist es zu einer deutlichen Ann&#xE4;herung an das &#xF6;sterreichische Lohnniveau gekommen. Die Verbesserung der Arbeitsmarktbedingungen hatte einen nur m&#xE4;&#xDF;ig positiven Effekt auf die Lohnentwicklung. Die Arbeitslosenquoten bleiben &#x2013; trotz j&#xFC;ngster R&#xFC;ckg&#xE4;nge &#x2013; oft im zweistelligen Bereich, so dass sich die Verhandlungsmacht der Arbeitnehmer nur geringf&#xFC;gig verbessert hat. Auch die schrittweise Dezentralisierung der Lohnsetzungsmechanismen hat das Lohnwachstum gebremst. Generell sind kollektivvertragliche Mechanismen in den L&#xE4;ndern der Region wesentlich schw&#xE4;cher entwickelt als etwa in &#xD6;sterreich. Deren Reichweite wird durch den geringen Anteil der unselbst&#xE4;ndig Besch&#xE4;ftigten an der (formellen) Gesamtbesch&#xE4;ftigung begrenzt. Hohe Arbeitslosigkeit und ein gro&#xDF;es Lohngef&#xE4;lle, vor allem im Vergleich mit Westeuropa, hatten eine betr&#xE4;chtliche Abwanderung und einen R&#xFC;ckgang der Bev&#xF6;lkerung vieler dieser L&#xE4;nder zur Folge. Mit der Fortsetzung dieses Trends wird auch f&#xFC;r die Zukunft gerechnet. Langfristig gesehen geht dadurch ein wichtiger Teil von Humankapital verloren, was die Aussichten auf eine Ann&#xE4;herung an das westeurop&#xE4;ische Niveau &#x2013; unter anderem in puncto L&#xF6;hne &#x2013; beeintr&#xE4;chtigen d&#xFC;rfte.

English Summary

Wage developments in the West Balkans, Moldova and Ukraine

In recent years, the general economic recovery has finally fed through to a significant increase in real wages in the Western Balkan countries, Moldova and Ukraine. Nevertheless, wage shares have barely picked up, and even declined slightly in several places. Significant convergence towards the Austrian wage level has only been registered in Kosovo. The improvement in labour market conditions in the countries covered has had only a moderately positive effect on wage developments. Despite recent declines, many countries continue to record double-digit unemployment rates, meaning that the bargaining power of employees has improved only slightly. The gradual decentralisation of wage-setting mechanisms has also slowed wage growth. In general, collective bargaining mechanisms are much less developed than, for example, in Austria. Their scope is limited by the low share of employees in total (formal) employment. High unemployment and large wage gaps, especially in comparison with Western Europe, have led to considerable outward migration and population decline in many of these countries. This trend is expected to continue in the future. In the long run, this will result in the loss of an important share of the human capital of these countries, which might affect their prospects for convergence towards Western European levels, including in wages.
</subfield>
  </datafield>
  <datafield tag="650" ind1=" " ind2=" ">
    <subfield code="a">L&#xF6;hne</subfield>
  </datafield>
  <datafield tag="650" ind1=" " ind2=" ">
    <subfield code="a">Lohnquote</subfield>
  </datafield>
  <datafield tag="650" ind1=" " ind2=" ">
    <subfield code="a">demographische Trends</subfield>
  </datafield>
  <datafield tag="650" ind1=" " ind2=" ">
    <subfield code="a">Migration</subfield>
  </datafield>
  <datafield tag="650" ind1=" " ind2=" ">
    <subfield code="a">Phillips-Kurve</subfield>
  </datafield>
  <datafield tag="650" ind1=" " ind2=" ">
    <subfield code="a">Lohnfindungsmechanismen</subfield>
  </datafield>
  <datafield tag="650" ind1=" " ind2=" ">
    <subfield code="a">wages</subfield>
  </datafield>
  <datafield tag="650" ind1=" " ind2=" ">
    <subfield code="a">wage share</subfield>
  </datafield>
  <datafield tag="650" ind1=" " ind2=" ">
    <subfield code="a">demographic trends</subfield>
  </datafield>
  <datafield tag="650" ind1=" " ind2=" ">
    <subfield code="a">migration</subfield>
  </datafield>
  <datafield tag="650" ind1=" " ind2=" ">
    <subfield code="a">Phillips curve</subfield>
  </datafield>
  <datafield tag="650" ind1=" " ind2=" ">
    <subfield code="a">wage-setting</subfield>
  </datafield>
  <datafield tag="651" ind1=" " ind2=" ">
    <subfield code="a">Moldova</subfield>
  </datafield>
  <datafield tag="651" ind1=" " ind2=" ">
    <subfield code="a">Ukraine</subfield>
  </datafield>
  <datafield tag="651" ind1=" " ind2=" ">
    <subfield code="a">Western Balkans</subfield>
  </datafield>
  <datafield tag="651" ind1=" " ind2=" ">
    <subfield code="a">Albania</subfield>
  </datafield>
  <datafield tag="651" ind1=" " ind2=" ">
    <subfield code="a">Bosnia and Herzegovina</subfield>
  </datafield>
  <datafield tag="651" ind1=" " ind2=" ">
    <subfield code="a">Kosovo</subfield>
  </datafield>
  <datafield tag="651" ind1=" " ind2=" ">
    <subfield code="a">Montenegro</subfield>
  </datafield>
  <datafield tag="651" ind1=" " ind2=" ">
    <subfield code="a">North Macedonia</subfield>
  </datafield>
  <datafield tag="651" ind1=" " ind2=" ">
    <subfield code="a">Serbia</subfield>
  </datafield>
  <datafield tag="690" ind1=" " ind2=" ">
    <subfield code="a">Labour, Migration and Income Distribution</subfield>
  </datafield>
  <datafield tag="700" ind1="1" ind2=" ">
    <subfield code="a">Leitner, Sebastian</subfield>
  </datafield>
  <datafield tag="700" ind1="1" ind2=" ">
    <subfield code="a">Mara, Isilda</subfield>
  </datafield>
  <datafield tag="700" ind1="1" ind2=" ">
    <subfield code="a">Podkaminer, Leon</subfield>
  </datafield>
  <datafield tag="700" ind1="1" ind2=" ">
    <subfield code="a">Vidovic, Hermine</subfield>
  </datafield>
  <datafield tag="830" ind1=" " ind2="0">
    <subfield code="v">15</subfield>
    <subfield code="w">WIIW0000108</subfield>
    <subfield code="t">wiiw Research Reports in German Language</subfield>
  </datafield>
  <datafield tag="856" ind1="4" ind2="0">
    <subfield code="u">https://wiiw.ac.at/p-5021.html</subfield>
  </datafield>
  <datafield tag="942" ind1=" " ind2=" ">
    <subfield code="c">P</subfield>
  </datafield>
  <datafield tag="999" ind1=" " ind2=" ">
    <subfield code="c">8845</subfield>
    <subfield code="d">8845</subfield>
  </datafield>
  <datafield tag="952" ind1=" " ind2=" ">
    <subfield code="0">0</subfield>
    <subfield code="1">0</subfield>
    <subfield code="4">0</subfield>
    <subfield code="7">0</subfield>
    <subfield code="a">BIB</subfield>
    <subfield code="b">BIB</subfield>
    <subfield code="c">1</subfield>
    <subfield code="d">2019-09-15</subfield>
    <subfield code="i">pwiiw5021</subfield>
    <subfield code="l">0</subfield>
    <subfield code="p">1000010005021</subfield>
    <subfield code="r">2019-09-15 00:00:00</subfield>
    <subfield code="w">2019-09-11</subfield>
    <subfield code="y">P</subfield>
  </datafield>
</record>
